000 01652cam a2200409 i 4500
001 768714001
003 CO-MdFUSB
005 20210518155323.0
007 ta
008 050310t1998 caua| b 000 0 eng d
020 _a0911165304
020 _a9780911165302
040 _aVA@
_beng
_cCO-MdFUSB
_dOCLCG
_dCO-MdFUSB
_dLML
_erda
040 _aVA@
_beng
_cCO-MdFUSB
_dOCLCG
_dLML
_erda
041 1 _aeng
_hlat
082 _223
_a226.407
_bA496
090 _aBS2595
100 0 _aAmbrose,
_cSaint, Bishop of Milan,
_d-397.
_eautor
240 1 0 _aExpositio in evangelium S. Lucae.
245 1 0 _aExposition of the holy gospel according to Saint Luke
_b: with, fragments on the prophecy of Esaias /
_cSaint Ambrose of Milan ; traducido por Theodosia Tomkinson.
246 3 _aExposition of the holy gospel according to St. Luke ; with, fragments on the prophecy of Esaias.
250 _asegunda edición
264 1 _aEtna, Calif. :
_bCenter for Traditionalist Orthodox Studies,
_c[1998]
264 4 _c© 1998
300 _a457 páginas :
_bilustraciones ;
_c22 cm.
336 _atexto
_btxt
_2rdacontent.
337 _asin mediación
_bn
_2rdamedia.
338 _avolumen
_bnc
_2rdacarrier.
504 _aIncluye referencias bibliográficas.
505 _aFragmentos de la profecía de Isaías. -- Expositio en evangelium S. Lucae. -- Exposición del santo evangelio según san Lucas; Con fragmentos de la profecía de Isaías
563 _aRústico
630 7 _aBiblia.
_vLucas
_xCrítica, interpretación, etc.
700 1 _aTomkinson, Theodosia.
_etraductor
942 _cBK
945 _aJTF-925
_bAEM-53
999 _c66217
_d66217